Renovación del estado y consolidación democrática en Chile

Uloženo v:
Podrobná bibliografie
Médium: Kniha
Jazyk:španělština
Vydáno: Santiago CINDE 1992
Edice:Cuadernos del Foro '90, 1
Témata:
Tagy: Přidat tag
Žádné tagy, Buďte první, kdo vytvoří štítek k tomuto záznamu!

MARC

LEADER 00000nam a2200000 a 4500
001 UCO8131
003 CL-VaPUC
008 001201e19920000CL |||||||||||||||||spa|d
082 0 4 |a 351.0073  |b REN  |2 21 
245 1 0 |a Renovación del estado y consolidación democrática en Chile 
300 |a 83 p 
942 |c BK 
945 |d 20001201 00:00:00  |a crobeson 
260 |a Santiago  |b CINDE  |c 1992 
500 |a Donación del profesor Manfred Wilhelmy von Wolff 
650 7 |a MODERNIZACION DEL ESTADO  |2 CL-VaPUC  |9 452861 
650 0 |a Transición democrática  |9 336882 
650 0 |a Democratización  |9 316630 
650 0 |a Desarrollo económico y social   |9 256320 
583 |a last modification  |c 20001201 00:00:00  |k Rodrigo Vera 
490 0 |a Cuadernos del Foro '90, 1 
999 |c 292860  |d 292858 
952 |0 0  |1 0  |4 0  |6 351_007300000000000_REN_1992  |7 0  |8 A  |9 343936  |a BIBHIS  |b BIBHIS  |d 2019-11-20  |i 1235710  |o 351.0073 REN 1992  |p 1235710  |r 2025-01-20  |w 2019-11-20  |y BK  |k HIS